Most Populated U.S. States - Statistics

General Stats
  • This quiz has been taken 25 times
  • The average score is 44 of 51
Answer Stats
Population State % Correct
7,359,197 Arizona
100%
39,029,342 California
100%
10,912,876 Georgia
100%
19,677,151 New York
100%
733,583 Alaska
96%
3,045,637 Arkansas
96%
22,244,823 Florida
96%
12,582,032 Illinois
96%
2,937,150 Kansas
96%
30,029,572 Texas
96%
8,683,619 Virginia
96%
5,074,296 Alabama
91%
1,440,196 Hawaii
91%
6,833,037 Indiana
91%
10,034,113 Michigan
91%
5,717,184 Minnesota
91%
9,261,699 New Jersey
91%
2,113,344 New Mexico
91%
10,698,973 North Carolina
91%
5,282,634 South Carolina
91%
5,839,926 Colorado
87%
3,200,517 Iowa
87%
4,512,310 Kentucky
87%
1,385,340 Maine
87%
6,164,660 Maryland
87%
6,177,957 Missouri
87%
12,972,008 Pennsylvania
87%
7,785,786 Washington
87%
671,803 Washington D.C.
87%
3,626,205 Connecticut
83%
1,939,033 Idaho
83%
779,261 North Dakota
83%
11,756,058 Ohio
83%
4,240,137 Oregon
83%
1,093,734 Rhode Island
83%
909,824 South Dakota
83%
7,051,339 Tennessee
83%
647,064 Vermont
83%
1,775,156 West Virginia
83%
5,892,539 Wisconsin
83%
581,381 Wyoming
83%
1,018,396 Delaware
78%
6,981,974 Massachusetts
78%
1,122,867 Montana
78%
4,019,800 Oklahoma
78%
4,590,241 Louisiana
74%
2,940,057 Mississippi
74%
3,177,772 Nevada
74%
1,395,231 New Hampshire
70%
3,380,800 Utah
70%
1,967,923 Nebraska
65%
No matching quizzes found
Score Distribution
Percent of People with Each Score
Percentile by Number Answered
Your Score History
You have not taken this quiz